[Event "EU-ch U12 Girls rapid"]
[Site "Terme Catez"]
[Date "2023.09.28"]
[Round "5"]
[White "Timagina, Sofia"]
[Black "Vlajcevic, Matilda"]
[Result "1-0"]
[WhiteElo "1426"]
[BlackElo "1309"]
[PlyCount "97"]
[EventDate "2023.09.28"]
[EventType "swiss (rapid)"]
[EventRounds "9"]
[EventCountry "SLO"]
[SourceTitle "EXT 2024"]
[Source "ChessBase"]
[SourceDate "2023.10.10"]
[SourceVersion "1"]
[SourceVersionDate "2023.10.10"]
[SourceQuality "1"]

1. e4 e5 2. Nf3 Nc6 3. Bc4 Bc5 4. d3 h6 5. 0-0 d6 6. c3 Bg4 7. h3 Bh5 8. Nbd2 a6 9. Bb3 Nf6 10. Re1 0-0 11. Nf1 Bb6 12. Ng3 Bg6 13. d4 exd4 14. cxd4 Re8 15. Bc2 Nb4 16. Bb1 Nc6 17. a3 Ba5 18. b4 Bb6 19. Bb2 Nh5 20. Nf5 Nf6 21. N3h4 Bxf5 22. Nxf5 Nh7 23. Ba2 Nf6 24. Qf3 Rf8 25. h4 Kh7 26. e5 dxe5 27. dxe5 Nd7 28. Qg4 g6 29. Ng3 Qe7 30. h5 Qg5 31. hxg6+ Qxg6 32. Qxd7 Rad8 33. Qh3 Rg8 34. Bb1 Nd4 35. Bxg6+ Rxg6 36. Bxd4 Bxd4 37. Rad1 Rd5 38. Qf5 Rd8 39. Qxf7+ Rg7 40. Qf5+ Kh8 41. Nh5 Rg5 42. Qf6+ Kh7 43. Qxd8 Bxf2+ 44. Kxf2 Rxh5 45. Rd7+ Kg6 46. Qg8+ Kf5 47. Qf7+ Kg4 48. Qg6+ Rg5 49. Re4# 1-0

[Event "CRO-ch U11 Girls"]
[Site "Trogir"]
[Date "2022.06.24"]
[Round "4"]
[White "Vlajcevic, Matilda"]
[Black "Skiljan, Tara"]
[Result "1/2-1/2"]
[WhiteElo "1600"]
[BlackElo "1035"]
[PlyCount "117"]
[EventDate "2022.06.22"]
[EventType "swiss"]
[EventRounds "9"]
[EventCountry "CRO"]
[SourceTitle "CBM 209 Extra"]
[Source "ChessBase"]
[SourceDate "2022.09.30"]
[SourceVersion "1"]
[SourceVersionDate "2022.09.30"]
[SourceQuality "1"]

1. e4 e5 2. Nf3 Nc6 3. Bc4 h6 4. d3 Bc5 5. Nc3 d6 6. Nd5 Nf6 7. Be3 Bb6 8. Nxb6 axb6 9. d4 Ng4 10. dxe5 Ncxe5 11. Nxe5 Nxe5 12. Bb3 0-0 13. 0-0 Qf6 14. Bd4 Qg6 15. Bxe5 dxe5 16. Qf3 Bg4 17. Qg3 Qxe4 18. Rfe1 Qf4 19. Qxf4 exf4 20. h3 Bh5 21. Bd5 c6 22. Bc4 f3 23. Re5 Bg6 24. gxf3 Bxc2 25. Re7 b5 26. Bf1 Rfb8 27. Rc1 Bf5 28. Ra1 Be6 29. a3 Bc4 30. Bxc4 bxc4 31. Re4 b5 32. a4 bxa4 33. Rxc4 Rxb2 34. Rcxa4 Rxa4 35. Rxa4 c5 36. Ra8+ Kh7 37. Rc8 Rb3 38. Kg2 Rc3 39. Rc7 f6 40. f4 c4 41. h4 Kg6 42. Rc5 Rc2 43. h5+ Kh7 44. Kf3 c3 45. Ke3 Kg8 46. f3 Kf7 47. Kd3 Rc1 48. Rxc3 Rxc3+ 49. Kxc3 g6 50. hxg6+ Kxg6 51. Kd3 h5 52. Ke4 h4 53. Ke3 Kf5 54. Kf2 Kxf4 55. Kg2 Kg5 56. Kh3 f5 57. Kg2 f4 58. Kh3 Kh5 59. Kg2 1/2-1/2